Mitteldeutsche Börse.
Vznik spolku stredonemeckých búrz v Lipsku. Rozvoj šancí regionálnych búrz. Úlohy stredonemeckej burzy: emisia rentových cenných papierov, podpora privatizácie veľkých podnikov, popularizácia akcií v nových spolkových krajinách, kapitalizácia saských súkromných podnikov a i.
Salvato in:
| Autore principale: | |
|---|---|
| Natura: | Capitolo di libro |
| Lingua: | tedesco |
| Soggetti: | |
| Tags: |
Nessun Tag, puoi essere il primo ad aggiungerne!!
|
MARC
| LEADER | 00000naa a2200000 4500 | ||
|---|---|---|---|
| 001 | r013643 | ||
| 005 | 20221213085401.9 | ||
| 041 | 0 | |a ger | |
| 044 | |a DE | ||
| 245 | 1 | 0 | |a Mitteldeutsche Börse. |c D. Rudorf |
| 520 | |a Vznik spolku stredonemeckých búrz v Lipsku. Rozvoj šancí regionálnych búrz. Úlohy stredonemeckej burzy: emisia rentových cenných papierov, podpora privatizácie veľkých podnikov, popularizácia akcií v nových spolkových krajinách, kapitalizácia saských súkromných podnikov a i. | ||
| 610 | 2 | 0 | |a burzy |
| 610 | 2 | 0 | |a stredné Nemecko |
| 610 | 2 | 0 | |a združenia |
| 610 | 2 | 0 | |a papiere cenné |
| 610 | 2 | 0 | |a privatizácia |
| 610 | 2 | 0 | |a podnik súkromný |
| 100 | 1 | |a Rudorf, D. | |